000 00290nam a2200121Ia 4500
008 190216s9999||||xx |||||||||||||| ||und||
100 _aWilson G B & John Morrison
245 0 _aCytology
260 _bAffiliated East West Press
_c1962
300 _a319p
650 _aBotany
942 _cBK
999 _c1357
_d1357